01907cam a22003135a 45000010009000000050017000090080041000260200018000670400036000850820022001212450072001432600031002153000035002465040041002815050395003225060043007175200438007606500042011986500037012406530020012777000029012977000025013267730020013517730040013717760036014119420008014479990017014559520121014721119844220160510154503.0141125t2014 gw a frb 000 0 eng d a9783319108544 dWaSeSSdEG-ScBUEbengcEG-ScBUE04a621.3126222bORG00aOrganic and hybrid solar cells /ceditors Hui Huang, Jinsong Huang. aCham :bSpringer,cc.2014. aviii, 337 p. :bill. ;c24 cm. aIncludes bibliographical references.0 aIntroduction to Organic/Hybrid Solar Cells (OSC) -- Charge Transport and Recombination in OSC -- Donor Materials for OSC -- N-type Electron Accepting Materials for OSC -- Interfacial Layers in OSC -- Alternative Electrodes for OSC -- Inverted Organic Solar Cells -- Stability of OSC -- Research Progress and Manufacturing Techniques for Large Area Polymer Solar Cells -- Hybrid Solar Cells. aLicense restrictions may limit access. aThis book delivers a comprehensive evaluation of organic and hybrid solar cells and identifies their fundamental principles and numerous applications.  Great attention is given to the charge transport mechanism, donor and acceptor materials, interfacial materials, alternative electrodes, device engineering and physics, and device stability. The authors provide an industrial perspective on the future of photovoltaic technologies. 7aElectrical engineering.2BUEsh933874 7aSurfaces (Physics)2BUEsh939956 bENGGENcMay20161 aHuang, Jinsong.eeditor.1 aHuang, Hui.eeditor.0 tSpringer eBooks 0tSpringerLINK ebooks - Energy (2014)08iPrinted edition:z9783319108544 2ddc c21727d21699 00102ddc40708AlahramaMAINbMAINc1STd2016-05-10ePurchasel0o621.3126 ORGp000032466r2025-07-15 00:00:00yBB